| 000 | 00645nam a2200193 a 4500 | ||
|---|---|---|---|
| 005 | 20210223123603.0 | ||
| 008 | 991125s1985 ru 000 0 spa u | ||
| 035 | _aUPN01000056175 | ||
| 049 | _aCG | ||
| 050 | 4 |
_aQA273.2 _bZ3.88 |
|
| 100 | 1 | _aZajarov, V. K. | |
| 245 | 1 | 0 |
_aTeoría de las probabilidades / _cV. K. Zajarov, B. A. Sevastianov, V. P. Christiakov ; tr. por A. I. Samojvalov |
| 260 |
_aMoscú : _bMir, _c1985. |
||
| 300 | _a151 p. | ||
| 650 | 4 |
_aPROBABILIDADES - _vPROBLEMAS, EJERCICIOS, ETC. _927349 |
|
| 700 | 1 |
_aSevastianov, Boris Aleksandrovich, _ecoaut. |
|
| 700 | 1 |
_aChristiakov, Vladimir Pavlovich, _ecoaut. |
|
| 905 | _aLibro | ||
| 999 |
_c56175 _d56175 |
||